000
00289nam a22001337a 4500
003
SGT
082
_a
658.3,ASI
100
_a
ASIA LAW HOUSE
245
_a
EMPLOYEES PROVIDENT FUNDS
260
_a
HYDERABAD
_b
ASIA LAW HOUSE
_c
2010
300
_a
434
650
_a
LAW BOOKS
942
_2
ddc
_c
BK
999
_c
10165
_d
10165